000 00755nab a22002297a 4500
003 KOHA_MİRAKIL
005 20251208055906.0
008 251208b tu ||||| |||| 00| 0 tur d
022 _a1303-9210
040 _aTR-AnANB
_btur
_cTR-AnANB
041 _atur
090 _aLegal Hukuk Dergisi Kasım 2025 Sayı-275
100 1 _aElçin, Doğa.
_cDoç. Dr.
245 1 0 _aKurucularının Çoğunluğu Yabancı Uyruklu Olan Vakıfların Türkiye’de Taşınmaz Mal Edinmeleri /
_cDoğa Elçin Candan, Yasan Tepetaş.
250 _a1. Baskı.
260 _aİstanbul :
_bLegal Yayıncılık,
_c2025
300 _aSayfa 3655-3678
310 _aaylık
650 0 0 _amakale
700 1 _aTepetaş, Candan Yasan.
_cDr. Öğr. Üyesi.
942 _2ddc
_cAR
999 _c40122
_d40122